00660nam a22002292a 450000100060000000300080000600500170001400800410003103500190007204000370009104100080012808200180013610000240015424500660017825000110024426000340025530000300028950400510031965000160037065000230038670000210040914370BD-RjUL20211208235621.0140205s1964 nyua b 001 0 eng d a(BD-RjUL)14422 aDLCcDLCdOCLdEQOdBD-RjULbeng aeng00a646bERC 19641 aErwin, Mabel Deane.10aClothing for moderns /cby Mabel D. Erwin and Lila A. Kinchen a3rd ed aNew York :bMacmillan,c1964. av, 600 p. :bill.;c24 cm aIncludes bibliographical references and index. 0aDressmaking 0aClothing and dress1 aKinchen, Lila A.